000 00505nam a2200169Ia 4500
003 GCL
008 140319s9999 xx 000 0 ara d
040 _aGCL /
_cGCL
082 0 4 _aط
_b813.01
_bح ك
100 1 _aحلمى التونى
245 1 0 _aكتاب الاشكال والالوان والتلوين /
_cحلمى التونى
490 _aالهيئة العامة للاستعلامات
_v0
650 0 4 _aالاطفال
650 0 4 _aالرسم
650 0 4 _aالتلوين
942 _2ddc
_cBK
999 _c51430
_d51430